00707nas a2200229Ia 4500001001400000003001000014008004100024040002500065041001300090100001900103210001400122222001400136245003800150250001100188260000900199501012300208300001400331362001700345500004700362650004600409700002200455dp5/23-52594 IT-MiCISF161014c99999999xx |||||||||||| ||und|| aIT-MiCISFcIT-MiCISF aITALIANO aPrezzi Lorenzo aSettiamna aSettiamna 0aIl Sinodo fatto e quello da farsi a1a ed. c2015 bCISF - Centro Internazionale Studi Famiglia - Via Giotto, 36 20145 MILANO (non commercial uses only)cCopyright 2016 app. 1, 16 a n. 5 [2015] a Tema: pastorale-familiare, sinodo, chiesa aPASTORALE - pastorale familiarevarticolo a Mattè Marcello